| 000 | 01437nas a2200277Ia 4500 | ||
|---|---|---|---|
| 001 | R050-R9948 | ||
| 003 | IT-CnALBA | ||
| 008 | 170116c99999999xx |||||||||||| ||und|| | ||
| 040 |
_aIT-CnALBA _cIT-CnALBA |
||
| 041 | _aPOLIGLOTTA | ||
| 100 | _aBERTETTO D. DOMENICO, SDB. | ||
| 210 | _aSALESIANUM | ||
| 222 | _aSALESIANUM | ||
| 245 | 0 | _aSALESIANUM. APRILE GIUGNO 1966. ATENEO SALESIANO ROMA. TEOLOGIA DIRITTO CANONICO FILOSOFIA PEDAGOGIA. | |
| 250 | _a1a ed. | ||
| 260 |
_a TO BO CT PA _bSOCIETÀ ED. INTER. _c1966 [1° Ed.:1966 - Ed.Ling.Originale: 1966] |
||
| 300 | _a186 p. | ||
| 310 | _aTRIMESTRALE | ||
| 362 | _aFascicolo: 2 / Anno: 28 (1966) | ||
| 500 | _aMARIA SANTISSIMA NEL CONCILIO ECUMENICO VATICANO II. CONSIDERAZIONI IN MARGINE ALLA POETICA DI M. 2,1 12. CANTONE C. IL SENTIMENTO IN METAFISICA. LA DRILLE G. IL PADRE TEILHARD DE CHARDIN E L'ENERGIA SPIRITUALE DELLA MATERIA. RECENSIONI DI TEOLOGIA. DIRITTO. FILOSOFIA. PEDAGOGIA. | ||
| 501 | _aSocietà San Paolo EM - Piazza San Paolo, 14 - 12051 ALBA (CN) (non commercial uses only) ® Copyright 2017 | ||
| 520 | _aMARIA SANTISSIMA NEL CONCILIO ECUMENICO VATICANO II. CONSIDERAZIONI IN MARGINE ALLA POETICA DI M. 2,1 12. CANTONE C. IL SENTIMENTO IN METAFISICA. LA DRILLE G. IL PADRE TEILHARD DE CHARDIN E L'ENERGIA SPIRITUALE DELLA MATERIA. RECENSIONI DI TEOLOGIA. DIRITTO. FILOSOFIA. PEDAGOGIA. | ||
| 650 | _aTEOLOGIA | ||
| 942 | _cCR | ||
| 957 | _71 | ||
| 999 |
_a61515 _bNO _g1 _c328541 _d328541 |
||